[Event "Gaprindashvili Cup Open II Stage 2020"]
[Site "Online"]
[Date "2020.11.08"]
[Round "3.12"]
[White "Nemsadze, Daviti"]
[Black "Patsia, Zviad"]
[Result "1-0"]
[WhiteElo "1690"]
[BlackElo "2204"]
[Annotator "TA"]
[PlyCount "97"]
[EventDate "2020.11.04"]
[EventType "swiss"]
[SourceTitle "playchess.com"]
[Source "ChessBase"]
[SourceQuality "1"]

{[%evp 23,97,42,33,22,22,22,12,27,80,72,70,72,84,77,91,96,92,91,106,98,108,102,164,146,164,158,150,156,178,173,181,174,210,221,241,245,296,300,291,298,293,283,300,295,301,185,300,296,314,319,339,338,373,370,368,304,310,326,327,327,320,312,320,325,326,318,303,297,317,309,277,281,914,915,726,705]} 1. d4 d5 2. c4 e6 3. Nf3 Nf6 4. g3 Be7 5. Bg2 O-O 6. O-O dxc4 7. Qc2 a6 8. Qxc4 b5 9. Qc2 Bb7 10. Bd2 Nc6 11. e3 Nb4 12. Bxb4 Bxb4 13. Rd1 {E05: Open Catalan: 5 Nf3 Be7.} Rc8 14. a3 Bd6 15. b4 {[#]The position is equal.} Qe7 $146 (15... a5 $1 $11 {[%mdl 512] keeps the balance.}) ({Predecessor:} 15... a5 16. bxa5 Ra8 17. Qd2 Ra6 18. a4 b4 19. Ne1 Bxg2 20. Nxg2 Qa8 21. Qc2 Ne4 {0-1 (42) Vaganian,R (2625)-Beliavsky,A (2655) Moscow 1988}) 16. Nbd2 $16 Rfd8 17. Nb3 Be4 18. Qb2 Nd5 19. Nbd2 Bxf3 20. Bxf3 Nb6 21. Nb3 Nc4 22. Qc2 e5 (22... c6 $16) 23. Bg4 $18 Ra8 24. Be2 Nb6 25. Bf3 Rac8 26. Bb7 Rb8 27. Na5 {Nc6 is the strong threat.} Qf6 28. Bxa6 Nd7 29. Nc6 Rb6 30. Nxd8 Qxd8 31. dxe5 Nxe5 32. Qf5 (32. f4 Ng6 $16) 32... Qe8 33. Qc8 Kf8 34. Qxe8+ Kxe8 35. Bc8 g6 36. e4 Nc4 37. Bg4 Be5 38. Ra2 g5 39. Rd5 c6 40. Rc5 f6 41. Be2 Nd6 42. a4 bxa4 43. Rxa4 Nxe4 44. Rc2 Nc3 45. Ra8+ Ke7 46. Ra7+ Ke6 47. Bc4+ ({Don't take} 47. Rxh7 $6 Rxb4 48. Bf3 c5 $18) 47... Kf5 $2 {[#]} (47... Kd6 48. Rd2+ (48. Rxh7 Rxb4 49. Rd2+ Nd5 $18) 48... Nd5) 48. Re7 Ke4 49. Rxc3 {White took control after the opening. Av CentiPawn Loss W=-3/B=-23. Weighted=-2/-20} 1-0

[Event "Gaprindashvili Cup Open II Stage 2020"]
[Site "Online"]
[Date "2020.11.08"]
[Round "3.14"]
[White "Adamia, Jaba"]
[Black "Kachkachishvili, Lasha"]
[Result "1-0"]
[WhiteElo "1899"]
[BlackElo "1681"]
[Annotator "NA RC"]
[PlyCount "105"]
[EventDate "2020.11.04"]
[EventType "swiss"]
[SourceTitle "playchess.com"]
[Source "ChessBase"]
[SourceQuality "1"]
[TimeControl "1500+5"]

1. d4 {[%emt 0:00:03]} Nf6 {[%emt 0:00:03]} 2. c4 {[%emt 0:00:03]} e6 {[%emt 0:00:03]} 3. Nf3 {[%emt 0:00:02]} b6 {[%emt 0:00:02]} 4. Bg5 {[%emt 0:00:02]} Bb7 {[%emt 0:00:07]} 5. e3 {[%emt 0:00:06]} Be7 {[%emt 0:00:08]} 6. Nc3 {[%emt 0:00:03]} O-O {[%emt 0:00:03]} 7. Bd3 {[%emt 0:00:04]} d5 {[%emt 0:00:17]} 8. cxd5 {[%emt 0:00:19]} exd5 {[%emt 0:00:08]} 9. O-O {[%emt 0:00:06]} h6 {[%emt 0:00:04]} 10. Bh4 {[%emt 0:00:04]} c6 {[%emt 0:00:37]} 11. Rc1 {[%emt 0:00:16]} Na6 {[%emt 0:00:05]} 12. Ne5 {[%emt 0:00:26]} Rc8 {[%emt 0:00:58]} 13. Qf3 {[%emt 0:02:10]} Nb4 {[%emt 0:02:24]} 14. Bb1 {[%emt 0:00:57]} c5 {[%emt 0:02:14]} 15. Qf5 {[%emt 0:02:07]} Ne4 {[%emt 0:00:20]} 16. Bxe7 {[%emt 0:01:15]} Qxe7 {[%emt 0:00:04]} 17. a3 {[%emt 0:02:56]} Na6 {[%emt 0:04:43]} 18. Nxe4 {[%emt 0:00:51]} dxe4 {[%emt 0:00:20]} 19. Bxe4 {[%emt 0:03:01]} Bxe4 {[%emt 0:00:18]} 20. Qxe4 {[%emt 0:00:02]} cxd4 {[%emt 0:00:05]} 21. exd4 {[%emt 0:00:26]} Rcd8 {[%emt 0:00:50]} 22. Rfe1 {[%emt 0:01:09]} Qd6 {[%emt 0:01:14]} 23. Nc6 {[%emt 0:02:15]} Rd7 {[%emt 0:00:12]} 24. Ne7+ {[%emt 0:00:14]} Kh8 {[%emt 0:00:10]} 25. Nf5 {[%emt 0:00:24]} Qd5 {[%emt 0:01:31]} 26. Qf4 {[%emt 0:00:29]} Nb8 {[%emt 0:01:55]} 27. Nxh6 {[%emt 0:03:20]} Qxd4 {[%emt 0:03:29]} 28. Nxf7+ {[%emt 0:00:00]} Rfxf7 {[%emt 0:00:06]} 29. Qxb8+ {[%emt 0:00:00]} Rd8 {[%emt 0:00:25]} 30. Qg3 {[%emt 0:00:00]} Rdf8 {[%emt 0:00:09]} 31. Rc2 {[%emt 0:00:00]} Re7 {[%emt 0:00:51]} 32. Rec1 {[%emt 0:01:42]} Qe4 {[%emt 0:00:16]} 33. h3 {[%emt 0:00:14]} Ref7 {[%emt 0:00:04]} 34. Rc7 {[%emt 0:00:39]} Rxc7 {[%emt 0:00:16]} 35. Rxc7 {[%emt 0:01:06]} Qd4 {[%emt 0:00:04]} 36. Rc3 {[%emt 0:00:16]} b5 {[%emt 0:00:07]} 37. b4 {[%emt 0:00:20]} Kg8 {[%emt 0:00:23]} 38. Re3 {[%emt 0:00:06]} Rc8 {[%emt 0:00:08]} 39. Kh2 {[%emt 0:00:04]} Rf8 {[%emt 0:00:05]} 40. Rf3 {[%emt 0:00:20]} Re8 {[%emt 0:00:06]} 41. Qg5 {[%emt 0:00:08]} Re5 {[%emt 0:00:12]} 42. Qg6 {[%emt 0:00:01]} Re7 {[%emt 0:00:06]} 43. Qc6 {[%emt 0:00:06]} Qe5+ {[%emt 0:00:05]} 44. g3 {[%emt 0:00:02]} Qe2 {[%emt 0:00:08]} 45. Qd5+ {[%emt 0:00:09]} Kh7 {[%emt 0:00:10]} 46. Rf4 {[%emt 0:00:11]} Re5 {[%emt 0:00:09]} 47. Rh4+ {[%emt 0:00:06]} Kg6 {[%emt 0:00:02]} 48. Qd6+ {[%emt 0:00:09]} Re6 {[%emt 0:00:04]} 49. Qf4 {[%emt 0:00:06]} Rf6 {[%emt 0:00:46]} 50. Qg4+ {[%emt 0:00:03]} Qxg4 {[%emt 0:00:02]} 51. Rxg4+ {[%emt 0:00:02]} Kh6 {[%emt 0:00:02]} 52. Kg2 {[%emt 0:00:04]} Rd6 {[%emt 0:00:03]} 53. Re4 {[%emt 0:00:03]} 1-0

[Event "Gaprindashvili Cup Open II Stage 2020"]
[Site "Online"]
[Date "2020.11.08"]
[Round "3.15"]
[White "Tsanatsqenishvili, Giorgi"]
[Black "kiladze, Luka"]
[Result "1-0"]
[WhiteElo "1631"]
[BlackElo "1786"]
[Annotator "NA RC"]
[PlyCount "43"]
[EventDate "2020.11.04"]
[EventType "swiss"]
[SourceTitle "playchess.com"]
[Source "ChessBase"]
[SourceQuality "1"]
[TimeControl "1500+5"]

1. e4 {[%emt 0:00:02]} c5 {[%emt 0:00:05]} 2. Nf3 {[%emt 0:00:01]} d6 {[%emt 0:00:02]} 3. d4 {[%emt 0:00:01]} cxd4 {[%emt 0:00:01]} 4. Nxd4 {[%emt 0:00:02]} Nf6 {[%emt 0:00:01]} 5. Nc3 {[%emt 0:00:01]} g6 {[%emt 0:00:02]} 6. f4 {[%emt 0:00:02]} Nc6 {[%emt 0:00:02]} 7. Nxc6 {[%emt 0:00:02]} bxc6 {[%emt 0:00:02]} 8. e5 {[%emt 0:00:01]} Nd7 {[%emt 0:00:01]} 9. Bc4 {[%emt 0:00:02]} d5 {[%emt 0:00:09]} 10. Nxd5 {[%emt 0:00:02]} Nb6 {[%emt 0:00:45]} 11. Nxb6 {[%emt 0:02:32]} Qxb6 {[%emt 0:00:04]} 12. Qd3 {[%emt 0:00:16]} Bf5 {[%emt 0:00:45]} 13. Qb3 {[%emt 0:00:05]} Qd4 {[%emt 0:01:07]} 14. Bxf7+ {[%emt 0:00:29]} Kd8 {[%emt 0:00:19]} 15. Be3 {[%emt 0:00:03]} Qe4 {[%emt 0:00:03]} 16. O-O-O+ {[%emt 0:00:23]} Kc7 {[%emt 0:00:02]} 17. Rhe1 {[%emt 0:01:13]} Rb8 {[%emt 0:01:33]} 18. Qc3 {[%emt 0:02:03]} e6 {[%emt 0:00:58]} 19. Qa5+ {[%emt 0:00:38]} Rb6 {[%emt 0:00:44]} 20. Qxa7+ {[%emt 0:00:30]} Kc8 {[%emt 0:00:10]} 21. Rd8+ {[%emt 0:00:06]} Kxd8 {[%emt 0:00:08]} 22. Bxb6+ {[%emt 0:00:02]} 1-0

[Event "Gaprindashvili Cup Open II Stage 2020"]
[Site "Online"]
[Date "2020.11.08"]
[Round "3.16"]
[White "Kupatadze, Tornike"]
[Black "Kekelidze, Mikheil"]
[Result "0-1"]
[WhiteElo "1657"]
[BlackElo "2388"]
[Annotator "TA"]
[PlyCount "98"]
[EventDate "2020.11.04"]
[EventType "swiss"]
[SourceTitle "playchess.com"]
[Source "ChessBase"]
[SourceQuality "1"]

{[%evp 11,98,5,9,14,0,-9,0,0,0,-10,-10,-4,20,-11,-20,-30,0,0,0,0,0,0,35,-130,-120,-110,-129,-137,-97,-96,-83,-129,-104,-201,-71,-438,-106,-240,-52,-50,-50,-52,-66,-104,-95,-94,-81,-90,-74,-105,-106,-119,-121,-127,-134,-124,-127,-124,-98,-125,-122,-116,-124,-252,-254,-390,-375,-667,-667,-585,-510,-12836,-12836,-12842,-12843,-12842,-12842,-12843,-12843,-12844,-12845,-12845,-12843,-12844,-12845,-12845,-12845,-12845,-12846]} 1. e4 c5 2. d4 cxd4 3. c3 Nf6 4. e5 Nd5 5. Bc4 Nb6 6. Bb3 d5 7. exd6 {B22: Sicilian: 2 c3.} Qxd6 8. cxd4 g6 9. Ne2 {The position is equal.} Bg7 10. Bf4 Qd8 11. Nbc3 O-O {[#]} 12. h4 $146 ({Predecessor:} 12. O-O Bf5 13. Nb5 Na6 14. a3 Bd7 15. Nbc3 Rc8 16. Qd2 Nc7 17. Be5 Bc6 18. Qe3 {½-½ (45) Larichev,D-Balkhin,D Serpukhov 1999}) 12... Nc6 {[%cal Bb8c6,Bc6e5,Be5d3][%mdl 32]} 13. d5 Ne5 14. h5 Bf5 {Threatens to win with ...Nd3+.} 15. hxg6 Nd3+ (15... Nxg6 $6 16. Bh6 $14) 16. Kf1 Bxg6 17. Bc2 $2 (17. Qd2 $14 {keeps the upper hand.}) 17... Nxb2 $17 (17... Nxd5 $6 18. Bxd3 Nxc3 19. Bxg6 $11) 18. Bxg6 fxg6 ({Don't play} 18... Nxd1 $6 19. Bxh7+ Kh8 20. Bf5+ Kg8 21. Rxd1 $14) 19. Qb3 N2c4 20. Rd1 Rc8 {And now ...Bxc3 would win.} 21. Ne4 {Qh3 is the strong threat.} Qd7 22. Ng5 {[#]} (22. d6 $17) 22... Rf5 ({Much less strong is} 22... Nxd5 23. Rxh7 Nde3+ 24. fxe3) (22... Rxf4 $1 $19 {[%mdl 512] has better winning chances.} 23. Nxf4 Qg4 {[%mdl 64] Double Attack}) 23. Qh3 $2 {[%mdl 8192] [#]} (23. Rxh7 $17 {nothing else works.} Rxd5 24. Rxd5 Nxd5 25. Bc1) 23... h5 $2 (23... h6 $1 $19 24. Nf3 Rh5) 24. d6 (24. g4 $17 Rxd5 25. Rxd5 Nxd5 26. gxh5 Qxh3+ 27. Rxh3) 24... Rd5 $2 ({But not} 24... exd6 25. g4 $17) (24... Nxd6 $19 {Strongly threatening ...Rc4.} 25. Qb3+ Rc4) 25. Rxd5 $15 Qxh3 $40 {[%mdl 128] Black attacks.} 26. Rxh3 Nxd5 27. dxe7 {White is on the road to losing.} Nxe7 28. Ne6 Rc6 29. Nxg7 Kxg7 30. Rc3 Nd5 31. Rb3 Rb6 32. Bc1 Rxb3 33. axb3 $17 {[%mdl 4096] Endgame KBN-KNN} Na5 34. Nd4 Kf7 35. Ke2 Nb4 36. Bd2 {[#]} Nbc6 $1 {[%cal Rc6d4]} 37. Nb5 (37. Nxc6 $17 Nxc6 38. Kd3) 37... Nxb3 $19 38. Nd6+ (38. Be3 $142) 38... Ke6 39. Nxb7 $2 (39. Bf4 g5 40. Bh2) 39... Nxd2 {Black is clearly winning.} 40. Kxd2 {KN-KN} Kd5 41. f4 (41. Ke3 $142 a5 42. Nxa5 Nxa5 43. Kf4) 41... a5 {[%cal Ba7a5,Ba5a4][%mdl 32]} 42. Kd3 a4 43. Kc3 Ke4 44. Nc5+ Kxf4 45. Ne6+ Kg3 46. Kb2 h4 47. Ka3 Kxg2 48. Nf4+ Kg3 49. Ne2+ Kg4 {Av CentiPawn Loss W=-58/B=-21. Weighted=-60/-35} 0-1

[Event "Gaprindashvili Cup Open II Stage 2020"]
[Site "Online"]
[Date "2020.11.08"]
[Round "3.17"]
[White "Qalichava, Akaki"]
[Black "Tsanatsqenishvili, Alexandre"]
[Result "1-0"]
[WhiteElo "1877"]
[BlackElo "1702"]
[Annotator "NA"]
[PlyCount "81"]
[EventDate "2020.11.04"]
[EventType "swiss"]
[SourceTitle "playchess.com"]
[Source "ChessBase"]
[SourceQuality "1"]
[TimeControl "1500+5"]

1. e4 {[%emt 0:00:03]} Nf6 {[%emt 0:00:03]} 2. e5 {[%emt 0:00:05]} Nd5 {[%emt 0:00:01]} 3. d4 {[%emt 0:00:03]} d6 {[%emt 0:00:02]} 4. c4 {[%emt 0:00:02]} Nb6 {[%emt 0:00:01]} 5. Nf3 {[%emt 0:00:03]} Bg4 {[%emt 0:00:02]} 6. exd6 {[%emt 0:00:04]} cxd6 {[%emt 0:00:02]} 7. Be2 {[%emt 0:00:04]} Nc6 {[%emt 0:00:01]} 8. b3 {[%emt 0:00:04]} g6 {[%emt 0:00:02]} 9. Nc3 {[%emt 0:00:06]} Bg7 {[%emt 0:00:02]} 10. Be3 {[%emt 0:00:03]} O-O {[%emt 0:00:02]} 11. O-O {[%emt 0:00:02]} h6 {[%emt 0:00:02]} 12. h3 {[%emt 0:00:04]} Bxf3 {[%emt 0:00:02]} 13. Bxf3 {[%emt 0:00:02]} f5 {[%emt 0:00:01]} 14. Qd2 {[%emt 0:01:13]} g5 {[%emt 0:01:01]} 15. d5 {[%emt 0:00:31]} Ne5 {[%emt 0:00:04]} 16. Bd1 {[%emt 0:00:38]} Rc8 {[%emt 0:04:37]} 17. Bxb6 {[%emt 0:00:54]} Qxb6 {[%emt 0:00:06]} 18. Rc1 {[%emt 0:00:06]} f4 {[%emt 0:01:51]} 19. Bc2 {[%emt 0:00:35]} Qb4 {[%emt 0:04:58]} 20. Bb1 {[%emt 0:00:29]} Rf6 {[%emt 0:04:51]} 21. Qc2 {[%emt 0:01:26]} a6 {[%emt 0:00:45]} 22. Qh7+ {[%emt 0:00:33]} Kf7 {[%emt 0:00:15]} 23. Bf5 {[%emt 0:00:54]} Rh8 {[%emt 0:00:42]} 24. Be6+ {[%emt 0:00:02]} Kf8 {[%emt 0:00:03]} 25. Qc2 {[%emt 0:00:04]} h5 {[%emt 0:00:09]} 26. Ne4 {[%emt 0:00:10]} g4 {[%emt 0:00:57]} 27. Nxf6 {[%emt 0:02:05]} Bxf6 {[%emt 0:00:05]} 28. Qe4 {[%emt 0:00:03]} gxh3 {[%emt 0:00:31]} 29. Bxh3 {[%emt 0:00:17]} f3 {[%emt 0:01:28]} 30. gxf3 {[%emt 0:00:18]} Qd2 {[%emt 0:00:25]} 31. Qe3 {[%emt 0:00:29]} Qxa2 {[%emt 0:00:42]} 32. Be6 {[%emt 0:00:22]} h4 {[%emt 0:00:34]} 33. f4 {[%emt 0:00:06]} Ng6 {[%emt 0:00:05]} 34. Kh1 {[%emt 0:00:25]} Rh7 {[%emt 0:00:49]} 35. Rg1 {[%emt 0:00:30]} Rg7 {[%emt 0:00:02]} 36. Bf5 {[%emt 0:00:04]} Nh8 {[%emt 0:00:18]} 37. Rxg7 {[%emt 0:00:05]} Kxg7 {[%emt 0:00:02]} 38. Rg1+ {[%emt 0:00:02]} Kh6 {[%emt 0:00:31]} 39. Be6 {[%emt 0:00:16]} Qc2 {[%emt 0:00:38]} 40. f5+ {[%emt 0:00:05]} Kh7 {[%emt 0:00:04]} 41. Bg8# {[%emt 0:00:02]} 1-0

[Event "Gaprindashvili Cup Open II Stage 2020"]
[Site "Online"]
[Date "2020.11.08"]
[Round "3.18"]
[White "Gogolashvili, Giorgi"]
[Black "Chanturia, Lasha"]
[Result "0-1"]
[WhiteElo "1448"]
[BlackElo "1761"]
[Annotator "NA RC"]
[PlyCount "96"]
[EventDate "2020.11.04"]
[EventType "swiss"]
[SourceTitle "playchess.com"]
[Source "ChessBase"]
[SourceQuality "1"]
[TimeControl "1500+5"]

1. e4 {[%emt 0:00:02]} e5 {[%emt 0:01:40]} 2. f4 {[%emt 0:01:10]} d5 {[%emt 0:00:08]} 3. exd5 {[%emt 0:00:14]} e4 {[%emt 0:00:07]} 4. Nc3 {[%emt 0:00:02]} Nf6 {[%emt 0:00:05]} 5. d3 {[%emt 0:00:22]} Bb4 {[%emt 0:00:07]} 6. Bd2 {[%emt 0:01:02]} e3 {[%emt 0:00:03]} 7. Bxe3 {[%emt 0:00:04]} Nxd5 {[%emt 0:00:03]} 8. Bd2 {[%emt 0:01:20]} Bxc3 {[%emt 0:00:45]} 9. bxc3 {[%emt 0:00:06]} Qf6 {[%emt 0:00:07]} 10. Qe2+ {[%emt 0:00:58]} Be6 {[%emt 0:00:10]} 11. Qe5 {[%emt 0:00:13]} Nd7 {[%emt 0:02:01]} 12. Qxf6 {[%emt 0:00:15]} N7xf6 {[%emt 0:00:03]} 13. c4 {[%emt 0:00:03]} Nb6 {[%emt 0:00:07]} 14. Nf3 {[%emt 0:00:06]} O-O {[%emt 0:00:09]} 15. Be2 {[%emt 0:00:17]} Rfe8 {[%emt 0:00:04]} 16. Ne5 {[%emt 0:01:02]} Rad8 {[%emt 0:00:55]} 17. O-O {[%emt 0:00:12]} Nxc4 {[%emt 0:00:17]} 18. Nxc4 {[%emt 0:00:29]} Bxc4 {[%emt 0:00:06]} 19. Bf3 {[%emt 0:00:02]} Bd5 {[%emt 0:00:25]} 20. Bxd5 {[%emt 0:00:13]} Nxd5 {[%emt 0:00:18]} 21. Rfe1 {[%emt 0:00:02]} f6 {[%emt 0:00:54]} 22. Kf2 {[%emt 0:00:10]} Kf7 {[%emt 0:00:04]} 23. Kf3 {[%emt 0:00:39]} c5 {[%emt 0:01:01]} 24. Rab1 {[%emt 0:00:22]} b6 {[%emt 0:00:17]} 25. a4 {[%emt 0:00:33]} a5 {[%emt 0:00:55]} 26. Rb5 {[%emt 0:02:43]} Rxe1 {[%emt 0:00:56]} 27. Bxe1 {[%emt 0:00:22]} Rd6 {[%emt 0:00:06]} 28. Rb1 {[%emt 0:01:38]} Nb4 {[%emt 0:00:42]} 29. Bxb4 {[%emt 0:00:42]} cxb4 {[%emt 0:00:07]} 30. Ke3 {[%emt 0:00:30]} Rc6 {[%emt 0:00:26]} 31. Kd2 {[%emt 0:00:07]} Ke6 {[%emt 0:01:01]} 32. Re1+ {[%emt 0:00:39]} Kd7 {[%emt 0:00:05]} 33. g4 {[%emt 0:01:03]} Rc3 {[%emt 0:00:27]} 34. f5 {[%emt 0:01:11]} Ra3 {[%emt 0:01:30]} 35. Re6 {[%emt 0:00:06]} Rxa4 {[%emt 0:00:22]} 36. Rxb6 {[%emt 0:00:07]} Kc7 {[%emt 0:01:57]} 37. Ra6 {[%emt 0:01:50]} Kb7 {[%emt 0:00:14]} 38. Re6 {[%emt 0:00:09]} Ra1 {[%emt 0:00:26]} 39. Re7+ {[%emt 0:00:05]} Kb6 {[%emt 0:00:03]} 40. Rxg7 {[%emt 0:00:05]} a4 {[%emt 0:00:01]} 41. g5 {[%emt 0:00:20]} fxg5 {[%emt 0:00:09]} 42. Ke2 {[%emt 0:00:09]} a3 {[%emt 0:00:42]} 43. Rg8 {[%emt 0:00:43]} Rc1 {[%emt 0:01:45]} 44. f6 {[%emt 0:01:59]} a2 {[%emt 0:01:49]} 45. f7 {[%emt 0:01:12]} a1=Q {[%emt 0:00:21]} 46. Rb8+ {[%emt 0:00:26]} Kc6 {[%emt 0:00:06]} 47. Rc8+ {[%emt 0:00:05]} Kd7 {[%emt 0:00:13]} 48. f8=Q {[%emt 0:00:09]} Re1+ {[%emt 0:00:04]} 0-1

[Event "Gaprindashvili Cup Open II Stage 2020"]
[Site "Online"]
[Date "2020.11.08"]
[Round "4.1"]
[White "Pantsulaia, Levan"]
[Black "Mchedlishvili, Mikheil"]
[Result "1/2-1/2"]
[WhiteElo "2553"]
[BlackElo "2570"]
[Annotator "TA"]
[PlyCount "28"]
[EventDate "2020.11.04"]
[EventType "swiss"]
[SourceTitle "playchess.com"]
[Source "ChessBase"]
[SourceQuality "1"]

{[%evp 22,28,15,13,12,5,19,12,20]} 1. d4 Nf6 2. Nf3 d5 3. c4 c6 4. e3 Bf5 5. Nc3 e6 6. Bd3 Bxd3 7. Qxd3 Nbd7 8. O-O Be7 9. e4 dxe4 10. Nxe4 Nxe4 11. Qxe4 O-O {11...Nf6 deserves study.} 12. Bf4 {The position is equal.} Re8 {D12: Slav Defence: 3 Nf3 Nf6 4 e3 Bf5.} 13. Rfd1 Qb6 14. Qe2 {[#]} Rad8 $146 {A rather calm draw.} ({Predecessor:} 14... a5 15. Qc2 Rac8 16. Rd3 c5 17. d5 exd5 18. Rxd5 Nf8 19. Rad1 Ne6 20. Be5 Rcd8 {½-½ (75) Skembris,S (2451)-Schlecht,D (2363) Deizisau 2014}) 1/2-1/2

[Event "Gaprindashvili Cup Open II Stage 2020"]
[Site "Online"]
[Date "2020.11.08"]
[Round "4.2"]
[White "Paichadze, Luka"]
[Black "Sulashvili, Malkhaz"]
[Result "1-0"]
[WhiteElo "2565"]
[BlackElo "2381"]
[Annotator "TA"]
[PlyCount "69"]
[EventDate "2020.11.04"]
[EventType "swiss"]
[SourceTitle "playchess.com"]
[Source "ChessBase"]
[SourceQuality "1"]

{[%evp 11,69,14,14,-5,33,30,16,21,13,15,33,25,41,25,33,32,113,112,112,97,106,101,151,139,130,127,157,168,204,218,254,261,247,242,263,183,366,231,232,0,352,358,371,348,442,440,427,428,393,387,585,572,546,405,482,289,605,597,29997,-402]} 1. e4 c6 2. d4 d5 3. e5 Bf5 4. h4 h5 5. Bd3 Bxd3 6. Qxd3 e6 7. Bg5 {B12: Caro-Kann: Advance Variation.} Qa5+ 8. Nd2 Qa6 9. c4 {The position is equal.} Bb4 {9...Ne7 injects fresh life into this line. Played by Magnus Carlsen in September 2020.} 10. b3 Nd7 11. Ngf3 Ne7 12. O-O $36 {[%mdl 2048] White fights for an advantage.} Nf5 13. Rfd1 Be7 {[#]} (13... Bxd2 $14 14. Rxd2 (14. Bxd2 c5 $14) (14. Nxd2 O-O $11) 14... O-O) 14. Bxe7 $1 $16 {[#]} Nxe7 $146 ({Predecessor:} 14... Kxe7 15. Nf1 Qa3 16. cxd5 cxd5 17. Ng3 Nxg3 18. fxg3 Rac8 19. Qd2 f6 20. Re1 Rc6 {1-0 (51) Kunal,M (2352)-Deshpande,A (2225) Bhopal 2017}) 15. Nf1 Nf5 16. Ne3 g6 17. Nxf5 gxf5 18. Ng5 dxc4 19. bxc4 Rd8 20. Qc3 {And now d5 would win.} Nb6 21. Rdc1 Na4 22. Qg3 Nb6 {[#]} 23. Nh7 $1 {[%mdl 512]} Kd7 $2 (23... Rxd4 24. Qg7 Rxh7 25. Qxh7 Nxc4 26. Qxh5 (26. Qg8+ Ke7 $18) 26... Nd2) (23... Rxh7 24. Qg8+) 24. Ng5 Ke8 {[#]} 25. Nh7 $1 {[%mdl 512]} Kd7 $1 $18 (25... Rxh7 26. Qg8+) 26. Qg7 Kc8 27. Ng5 Kb8 28. Nxf7 Rhg8 29. Qh7 Rde8 30. Nd6 Rd8 (30... Rh8 {was called for.}) 31. Rab1 {[%cal Ba1b1,Bb1b7,Bb7a7][%mdl 32]} Ka8 32. c5 Nd5 {intending ...Nf4.} 33. Rc4 (33. Rxb7 $142 Rh8 34. Qg7) 33... Rb8 $2 {[#]} (33... Rh8 34. Qf7 (34. Qxb7+ Qxb7 35. Rxb7 Rxd6 $11) 34... Rb8 35. Qxe6 Qxa2 36. Qxf5 Rhg8) 34. Rxb7 $1 {[%mdl 512]} Qxa2 {[#]} (34... Rxb7 35. Qxg8+) 35. Rxa7+ $1 {[%mdl 33280] Av CentiPawn Loss W=-52/B=-87. Weighted=-39/-88. Loss on time!?} 1-0

[Event "Gaprindashvili Cup Open II Stage 2020"]
[Site "Online"]
[Date "2020.11.08"]
[Round "4.3"]
[White "Shanava, Konstantine"]
[Black "Jojua, Davit"]
[Result "1/2-1/2"]
[WhiteElo "2504"]
[BlackElo "2557"]
[Annotator "TA"]
[PlyCount "21"]
[EventDate "2020.11.04"]
[EventType "swiss"]
[SourceTitle "playchess.com"]
[Source "ChessBase"]
[SourceQuality "1"]

{[%evp 11,21,0,8,-8,0,-20,0,-6,-6,-8,0,0]} 1. g3 g6 2. Bg2 Bg7 3. d4 Nf6 4. c3 d5 5. Nf3 O-O 6. O-O c6 {The position is equal.} 7. Bg5 {D02: 1 d4 d5 2 Nf3 sidelines, including 2...Nf6 3 g3 and 2...Nf6 3 Bf4.} Bf5 8. Bxf6 Bxf6 {[#]} 9. Re1 $146 ({Predecessor:} 9. Nbd2 Nd7 10. Nb3 e5 11. dxe5 Nxe5 12. Nxe5 Bxe5 13. e3 Qc8 14. Nd4 Bh3 15. Re1 Bxg2 16. Kxg2 {½-½ (22) Jary,Z (1556)-Chajda,P (1335) Mlada Boleslav 2014}) 9... Nd7 10. Nbd2 e5 11. dxe5 {Not much happened in this game.} 1/2-1/2

[Event "Gaprindashvili Cup Open II Stage 2020"]
[Site "Online"]
[Date "2020.11.08"]
[Round "4.4"]
[White "Quparadze, Giga"]
[Black "Chighladze, Iveri"]
[Result "1-0"]
[WhiteElo "2463"]
[BlackElo "2335"]
[Annotator "TA"]
[PlyCount "69"]
[EventDate "2020.11.04"]
[EventType "swiss"]
[SourceTitle "playchess.com"]
[Source "ChessBase"]
[SourceQuality "1"]

{[%evp 10,69,91,29,53,37,63,0,10,15,15,4,12,0,0,0,20,0,20,20,18,20,18,20,30,23,59,48,125,112,112,131,141,137,144,139,131,121,137,119,117,114,259,258,236,242,235,229,196,0,149,63,202,115,115,110,172,169,512,512,508,508]} 1. e4 Nf6 2. e5 Nd5 3. Nf3 d6 4. d4 dxe5 5. Nxe5 Nd7 6. Nf3 (6. Nxf7 $1 $16 Kxf7 7. Qh5+ {[%mdl 64] Double Attack} Ke6 8. c4) 6... c5 {B04: Alekhine's Defence: 4 Nf3.} 7. c4 N5f6 {[#]} 8. dxc5 $146 (8. d5 $14) ({Predecessor:} 8. d5 b5 9. cxb5 Bb7 10. Nc3 Nb6 11. Be3 Rc8 12. Be2 Nbxd5 13. O-O Nxe3 14. fxe3 {0-1 (67) Kabanov,N (2481)-Pogosian,S (2263) Sochi 2018}) 8... e6 {The position is equal.} 9. c6 bxc6 10. Nc3 Bb4 11. Bd2 O-O 12. Be2 a5 13. O-O Qc7 14. a3 $36 {[%mdl 2048] White has the initiative.} Be7 15. Qc2 Ba6 16. h3 Rfb8 17. Na4 Rb7 18. Bc3 Nc5 ({Black should try} 18... Bb5 $14) 19. Nxc5 $16 Bxc5 20. Rad1 h6 21. Ne5 Rbb8 22. Bf3 Bb7 23. Rfe1 Rd8 24. Rxd8+ Rxd8 25. Qa4 Bd4 (25... Ra8 $16) 26. Bxa5 $18 ({Not} 26. Nxc6 Bxc6 27. Qxc6 Qxc6 $14) (26. Qxa5 $6 Qxa5 27. Bxa5 Rc8 $16) 26... Ra8 27. Bxc7 Rxa4 28. b4 $1 Rxa3 29. b5 $2 ({Don't do} 29. Nxc6 $6 Rxf3 30. Nxd4 Rc3 $14) ({White must play} 29. Rd1 $1 $18 {[%cal Rd1d4]} Bxe5 30. Bxe5) 29... Ne8 (29... cxb5 $1 $11 30. Bxb7 Ra7) 30. bxc6 ({Don't play} 30. Bxc6 $6 Bxc6 31. Nxc6 Bc3 $11) (30. Bb8 $16) 30... Bc8 ({Black should play} 30... Bxc6 $14 31. Nxc6 Bc3) 31. Bd8 (31. Bb8 $1 $18) 31... Ra2 $16 32. Nd3 Rc2 {[#]} (32... Rd2 $16) 33. Rb1 $1 $18 {[%cal Rb1b8] Black must now prevent Rb8.} Rxc4 $2 {[#]} (33... Ba6) 34. Rb8 $1 Ba6 35. Bc7 {Av CentiPawn Loss W=-18/B=-36. Weighted=-19/-41} 1-0